Thơ Nguyễn Bính
Cuốn sách tập hợp những bài thơ hay của nhà thơ Nguyễn Bính.
Gardado en:
| Autor Principal: | |
|---|---|
| Formato: | Libro |
| Idioma: | Undetermined |
| Publicado: |
Hà Nội
Văn học
2012
|
| Những chủ đề: | |
| Các nhãn: |
Engadir etiqueta
Sen Etiquetas, Sexa o primeiro en etiquetar este rexistro!
|
| Thư viện lưu trữ: | Trung tâm Học liệu Trường Đại học Cần Thơ |
|---|
| LEADER | 00705nam a2200217Ia 4500 | ||
|---|---|---|---|
| 001 | CTU_175123 | ||
| 008 | 210402s9999 xx 000 0 und d | ||
| 020 | |c 28000 | ||
| 082 | |a 895.922132 | ||
| 082 | |b B312 | ||
| 100 | |a Nguyễn, Bính | ||
| 245 | 0 | |a Thơ Nguyễn Bính | |
| 245 | 0 | |c Nguyễn Bính | |
| 260 | |a Hà Nội | ||
| 260 | |b Văn học | ||
| 260 | |c 2012 | ||
| 520 | |a Cuốn sách tập hợp những bài thơ hay của nhà thơ Nguyễn Bính. | ||
| 650 | |a Love poetry, Vietnamese,Thơ tình yêu Việt Nam | ||
| 650 | |y 20th century,Thế kỷ 20 | ||
| 904 | |i Hằng Ni, Năm | ||
| 980 | |a Trung tâm Học liệu Trường Đại học Cần Thơ | ||